| 000 | 03193nam a22003737a 4500 | ||
|---|---|---|---|
| 003 | OSt | ||
| 005 | 20240510200248.0 | ||
| 008 | 240507b ||||| |||| 00| 0 eng d | ||
| 040 |
_bEnglish. _cCvSU-CCAT Campus Library. _erda. |
||
| 050 |
_aUM QA 76.758.A84 _bG66 2019 |
||
| 100 |
_aGonzales, Alyssa Joi A., author. _912236 |
||
| 245 |
_aHeritage Cooking : an android-based tutorial for Filipino katutubo dishes / _cAlyssa Joi A. Gonzales, Bryan James V. Torres, and Mavin G. Sison. |
||
| 260 |
_aRosario, Cavite : _bCavite State University-CCAT Campus, _c2019. |
||
| 300 |
_axv, 89 leaves : _billustrations ; _c28 cm |
||
| 500 | _aA Capstone Project (BSInfoTech) -- Cavite State University-CCAT Campus, 2019. | ||
| 504 | _aIncludes bibliographical references and appendices. | ||
| 520 | _aGONZALES, ALYSSA JOI A., TORRES, BRYAN JAMES V., SISON, MARVIN G. Heritage Cooking: An Android-Based Tutorial For Filipino Katutubo Dishes. Undergraduate Thesis. Department of Computer Studies. Cavite State University-Cavite College of Arts and Trades Campus, Rosario, Cavite. May 2019. Adviser. Mr. Aries M. Gelera. The study was conducted from May 2018 to April 2019 and was focused on developing an application for Filipino people to preserve the Filipino cuisines. This is also to familiarize Filipino to different heritage dishes of the Philippines and for other countries to learn on how to cook the Philippine native dishes. In this study, the researchers able to meet the objective of the research which is to develop an application capable of guiding and providing a proper way on how to cook heritage dishes. The researcher used the unified Model as the basis to develop the application. The Unified Model is a Methodology designed to develop an application for first and accurate format. The researcher used this model since its focus on the exchange of ideas and message taking place to both user and the application. The results of the statistical analysis of data revealed that the application was helpful and effective to the people want to learn how to cook native dishes. The users appreciated the application because it can explain the step by step process of how to cook native dishes of each recipe and have a trivia about the recipe they pick. The application is user-friendly, easy to understand and very useful to the people who like cooking and other people want to learn how to cook native dishes of the Philippines. | ||
| 546 | _aIn English text. | ||
| 650 |
_aAndroid application. _99685 |
||
| 650 |
_aApplication software -- Development. _99099 |
||
| 650 |
_aAndroids. _95721 |
||
| 650 |
_aSmartphones. _99583 |
||
| 650 |
_aAndroid system. _912585 |
||
| 650 |
_aTutoring services. _912641 |
||
| 650 |
_aTutors and tutoring. _912642 |
||
| 650 |
_aTutors and tutoring -- Cooking. _912643 |
||
| 650 |
_aFilipino food. _912644 |
||
| 700 |
_aTorres, Bryan James V., author. _912237 |
||
| 700 |
_aSison, Mavin G., author. _912238 |
||
| 700 |
_aGelera, Aries M., adviser. _99116 |
||
| 700 |
_aIgnacio, Mary Ann E., technical critic. _911884 |
||
| 942 |
_2lcc _cT/M/D _hQA 76.758.A84 G66 2019 _kUM |
||
| 999 |
_c3349 _d3349 |
||